A Kométa 99 Zrt. vagyoni, pénzügyi, jövedelmi helyzetének elemzése több év beszámolói alapján

Bibliographic Details
Main Author: Bottyán Debóra
Other Authors: Pucsek Dr. József
Format: Thesis
Kulcsszavak:Számvitel
elemzés
húsipar
Kométa
Online Access:http://dolgozattar.uni-bge.hu/9093

MARC

LEADER 00000nta a2200000 i 4500
001 dolg9093
005 20161215164744.0
008 161215suuuu hu om 000 hun d
040 |a BGE Dolgozattár Repozitórium  |b hun 
041 |a hu 
100 1 |a Bottyán Debóra 
245 1 2 |a A Kométa 99 Zrt. vagyoni, pénzügyi, jövedelmi helyzetének elemzése több év beszámolói alapján  |c Bottyán Debóra  |h [elektronikus dokumentum] 
695 |a Számvitel  
695 |a elemzés 
695 |a húsipar 
695 |a Kométa 
700 1 |a Pucsek Dr. József  |e ths 
856 4 0 |u http://dolgozattar.uni-bge.hu/9093/1/Szakdolgozat_Botty%C3%A1n%20Deb%C3%B3ra_Felt%C3%B6lthet%C5%91.pdf  |z Dokumentum-elérés